| 000 | 00954nac a22003017a 4500 | ||
|---|---|---|---|
| 001 | BR0103397 | ||
| 003 | BR-BrBNA | ||
| 005 | 20240105122600.0 | ||
| 008 | 230509b bl.|||m| |||| 00| 0 por d | ||
| 040 |
_aBR-BrBNA _bpor _cBiblioteca Nacional de Agricultura |
||
| 072 | _aF03; F02 | ||
| 090 | _a3295 BR0103397 | ||
| 100 | 1 | _aLameira, O.A. | |
| 100 | 1 | _aGomes, A.P. do R. | |
| 100 | 1 | _aLopes, S. da C. | |
| 100 | 1 | _aLeao, N.V.M. | |
| 110 | 1 | _aEMBRAPA Amazonia Oriental, Belem, PA (Brasil) | |
| 245 | 1 | _aEfeito da escarificacao sobre a germinacao de sementes de piraca (Schizolobium amazonicum)in vitro | |
| 260 | 3 |
_aBelem, PA (Brasil): _c2000. |
|
| 300 | _a3 p. | ||
| 490 |
_aComunicado Tecnico - EMBRAPA Amazonia Oriental (Brazil) _vno. 21 _xISSN 1517-2244 |
||
| 650 | _aParica | ||
| 650 | _aSemente | ||
| 650 | _aGerminacao | ||
| 650 | _aCultura In Vitro | ||
| 909 |
_a202312 _bLúcia Elande _c55 _dLúcia Elande |
||
| 942 |
_2AGRIS _n0 _cMS |
||
| 999 |
_c291771 _d291771 |
||